000 00350nam a22001457a 4500
003 OSt
005 20160727222450.0
008 160704b xxu||||| |||| 00| 0 eng d
040 _cTEST
100 _92041
_a Hagy, J
245 _aAnd then Mom Joined the Army
260 _aN.Y
_bN.Y
_c1976
300 _aAnd then Mom Joined the Army
942 _2ddc
_cBK
999 _c1742
_d1742